|
|
|
|
| LEADER |
00000cab a2200000 a 4500 |
| 001 |
036399 |
| 003 |
UAHC_CL |
| 005 |
20170803124002.0 |
| 008 |
030922s1994 cl f 000 spa |
| 040 |
|
|
|a UAHC_CL
|c UAHC_CL
|d UAHC_CL
|
| 100 |
1 |
|
|a Osin, Luis
|
| 245 |
1 |
4 |
|a Una proposición para la introducción de computadoras en los sistemas educativos /
|c Luis Osin.
|
| 260 |
|
|
|b Pontificia Universidad Católica de Chile
|c 1997
|a Santiago, Chile
|
| 300 |
|
|
|a p. 169-184
|
| 500 |
|
|
|a En: Pensamiento educativo, nû21, 1997. p. 169-184. ISSN 07171013.
|
| 500 |
|
|
|a En: Pensamiento educativo, n°21, 1997. p. 169-184. ISSN 07171013.
|
| 500 |
|
|
|a En: Pensamiento educativo, nç21, 1997. p. 169-184. ISSN 07171013.
|
| 520 |
|
|
|a La definición de estrategias para la introducción de computadoras en el sistema de enseñanza, constituye lo sustantivo del artículo, iniciándose con una pregunta previa sobre si se justifica invertir en la tecnificación del sistema educativo. Caracteriza, asimismo, un conjunto de problemas y los clasifica entre aquellos que pueden tener solución mediante esta tecnología y los que necesitan de otro tipo de alternativa. Presenta una reflexión sobre las características del aporte computacional, así como sobre los beneficios de esté. Señala algunas posibles causas del fracaso en la introducción de computadores y desarrolla algunas recomendaciones para un proceso exitoso.
|
| 520 |
|
|
|a La definición de estrategias para la introducción de computadoras en el sistema de enseñanza, constituye lo sustantivo del artículo, iniciándose con una pregunta previa sobre si se justifica invertir en la tecnificación del sistema educativo. Caracteriza, asimismo, un conjunto de problemas y los clasifica entre aquellos que pueden tener solución mediante esta tecnología y los que necesitan de otro tipo de alternativa. Presenta una reflexión sobre las características del aporte computacional, así como sobre los beneficios de esté. Señala algunas posibles causas del fracaso en la introducción de computadores y desarrolla algunas recomendaciones para un proceso exitoso.
|
| 759 |
|
|
|a PP160
|
| 773 |
0 |
|
|t Revista PRELAC
|w 041234
|
| 900 |
|
|
|a PENSAMIENTO EDUCATIVO-21/97
|
| 942 |
|
|
|c REVA
|
| 952 |
|
|
|0 0
|1 0
|4 0
|6 PENSAMIENTO_EDUCATIVO21_97_000000000000000
|7 0
|8 General
|9 69120
|a BC
|b BC
|c General
|d 2017-08-03
|l 0
|o PENSAMIENTO EDUCATIVO-21/97
|p FICTICIO4847
|r 2019-01-08 00:00:00
|t 1
|w 2017-08-03
|y REVA
|
| 999 |
|
|
|c 36399
|d 36399
|